000 00608nam a2200241Ia 4500
003 OSt
005 20221007063204.0
006 a|||||r|||| 00| 0
007 ta
008 221006b |||||||| |||| 00| 0 eng d
024 _a20,823
037 _cTextual
040 _aFLL
_cFLL
_beng
041 _2eng
_aeng
082 _aZ2,35, N0
100 _aMulla Au.
245 0 _aSale of goods act
260 _aBombay
_bN.M.Tripathi India
_c1990
300 _a444p
_ccm.
700 _a Pollock Au.
942 _hZ2,35, N0
_cTEXL
_2CC
999 _c1130635
_d1130635